Harmonie čaker

Hlavní autor: Piňos, Petr
Jazyk: Čeština
Vydáno: Praha : Prána, p2000
Témata:
Fyzický popis: 1 zvuková deska (45:00) : digital ; 12 cm + 1 leták (12 x 24 cm)
Zvukové nahrávky
Uloženo v:
LEADER 00953njm a2200289 a 4500
001 000797289
003 CZ BrMZK
005 20051126135442.0
007 sd fsngnnmmned
008 051114s2000 xr zz g cze d
028 0 0 |a PN 004-2911  |b Prána 
040 |a BOA001  |b cze 
080 |a 783.083.4  |2 MRF 
080 |a (086.76)  |2 MRF 
100 1 |a Piňos, Petr  |7 xx0026378  |4 cmp  |4 itr 
245 1 0 |a Harmonie čaker  |h [zvukový záznam] /  |c Petr Piňos 
260 |a Praha :  |b Prána,  |c p2000 
300 |a 1 zvuková deska (45:00) :  |b digital ;  |c 12 cm +  |e 1 leták (12 x 24 cm) 
306 |a 004500 
500 |a Kompaktní deska 
505 0 0 |t Harmonizace čaker --  |t Vitalizace čaker -- 
650 0 7 |a meditativní hudba  |7 ph122734  |2 czenas 
655 7 |a kompaktní desky  |7 fd201991  |2 czenas 
910 |a BOA001  |b CD-0012.789 
990 |a AV 
991 |b 200511 
996 6 |b 261H014062  |c CD-0012.789  |l MZK  |r Sklad / do 24 hodin  |n 0  |w 000797289  |u 000010  |a 1  |e BOA001  |j MZK50  |s P